[Event "Women's Baku Chess Olympiad"]
[Site "chess24.com"]
[Date "2016.09.09"]
[Round "7"]
[White "Chang, Suzana"]
[Black "Faruq, Afifa Ayyun"]
[Result "1-0"]
[Board "2"]
[WhiteID "2105985"]
[WhiteElo "2093"]
[WhiteTitle "WFM"]
[WhiteCountry "BRA"]
[WhiteFideId "2105985"]
[WhiteEloChange "2"]
[BlackID "7105002"]
[BlackElo "1667"]
[BlackTitle "WFM"]
[BlackCountry "INA"]
[BlackFideId "7105002"]
[BlackEloChange "-2"]

1. e4 {[%clk 1:30:54]} e6 {[%clk 1:30:48]} 2. d3 {[%clk 1:31:15]} d5 {[%clk
1:31:04]} 3. Nd2 {[%clk 1:31:37]} Nf6 {[%clk 1:30:23]} 4. Ngf3 {[%clk 1:31:43]}
c5 {[%clk 1:29:41]} 5. g3 {[%clk 1:31:51]} Nc6 {[%clk 1:27:42]} 6. Bg2 {[%clk
1:32:12]} Be7 {[%clk 1:26:44]} 7. O-O {[%clk 1:32:14]} O-O {[%clk 1:26:54]} 8.
Re1 {[%clk 1:31:50]} Qc7 {[%clk 1:22:55]} 9. e5 {[%clk 1:29:34]} Nd7 {[%clk
1:22:53]} 10. Qe2 {[%clk 1:29:52]} Re8 {[%clk 1:16:26]} 11. Nf1 {[%clk 1:25:32]}
f6 {[%clk 1:11:23]} 12. exf6 {[%clk 1:04:20]} Bxf6 {[%clk 1:11:34]} 13. Ng5
{[%clk 1:00:00]} Bxg5 {[%clk 1:04:35]} 14. Bxg5 {[%clk 0:59:48]} Nb6 {[%clk
1:04:21]} 15. c3 {[%clk 0:33:51]} Bd7 {[%clk 0:52:36]} 16. Rad1 {[%clk 0:30:28]}
e5 {[%clk 0:50:18]} 17. h4 {[%clk 0:27:35]} Qd6 {[%clk 0:41:06]} 18. a3 {[%clk
0:19:49]} h6 {[%clk 0:39:33]} 19. Be3 {[%clk 0:19:48]} Na4 {[%clk 0:32:19]} 20.
Qc2 {[%clk 0:19:42]} Ne7 {[%clk 0:27:31]} 21. b3 {[%clk 0:18:25]} Nb6 {[%clk
0:27:50]} 22. c4 {[%clk 0:16:50]} Rac8 {[%clk 0:25:42]} 23. cxd5 {[%clk 0:11:52]}
Nexd5 {[%clk 0:25:55]} 24. Nd2 {[%clk 0:12:17]} Bf5 {[%clk 0:21:52]} 25. Ne4
{[%clk 0:11:31]} Bxe4 {[%clk 0:19:42]} 26. dxe4 {[%clk 0:09:19]} Nxe3 {[%clk
0:19:55]} 27. Rxe3 {[%clk 0:09:36]} Qe7 {[%clk 0:17:07]} 28. Rc3 {[%clk 0:09:27]}
Rc6 {[%clk 0:15:35]} 29. Bf1 {[%clk 0:07:16]} Rf8 {[%clk 0:15:05]} 30. Rd2 {[%clk
0:07:20]} g5 {[%clk 0:08:40]} 31. hxg5 {[%clk 0:07:24]} hxg5 {[%clk 0:09:05]} 32.
Qd1 {[%clk 0:05:14]} Kg7 {[%clk 0:07:10]} 33. a4 {[%clk 0:05:19]} a5 {[%clk
0:07:25]} 34. Rcd3 {[%clk 0:04:40]} Qf6 {[%clk 0:06:06]} 35. Bg2 {[%clk 0:04:34]}
Rf7 {[%clk 0:03:55]} 36. Rf3 {[%clk 0:04:31]} Qe6 {[%clk 0:03:50]} 37. Rxf7+
{[%clk 0:04:56]} Qxf7 {[%clk 0:03:29]} 38. Bh3 {[%clk 0:02:31]} Rh6 {[%clk
0:02:11]} 39. Bg4 {[%clk 0:03:00]} Rf6 {[%clk 0:01:39]} 40. Qc2 {[%clk 0:32:25]}
c4 {[%clk 0:31:11]} 41. bxc4 {[%clk 0:30:30]} Qxc4 {[%clk 0:30:25]} 42. Rd7+
{[%clk 0:23:03]} Rf7 {[%clk 0:30:40]} 43. Rxf7+ {[%clk 0:23:29]} Kxf7 {[%clk
0:29:55]} 44. Qb2 {[%clk 0:23:43]} Qc5 {[%clk 0:29:20]} 45. Qb3+ {[%clk 0:23:54]}
Kg7 {[%clk 0:26:46]} 46. Qe6 {[%clk 0:23:06]} Qc7 {[%clk 0:18:55]} 47. Qe8 {[%clk
0:17:46]} Nc4 {[%clk 0:12:58]} 48. Be6 {[%clk 0:11:34]} Nd6 {[%clk 0:10:15]} 49.
Qg8+ {[%clk 0:11:24]} Kf6 {[%clk 0:08:12]} 50. Bd5 {[%clk 0:11:45]} Qe7 {[%clk
0:06:40]} 51. Qh8+ {[%clk 0:09:57]} Kg6 {[%clk 0:06:57]} 52. Qg8+ {[%clk
0:07:56]} Kf6 {[%clk 0:07:10]} 53. Qh8+ {[%clk 0:07:30]} Kg6 {[%clk 0:07:34]} 54.
Qa8 {[%clk 0:07:58]} Kf6 {[%clk 0:03:07]} 55. Qxa5 {[%clk 0:08:04]} Qd7 {[%clk
0:03:35]} 56. Qa8 {[%clk 0:05:53]} Kg7 {[%clk 0:02:14]} 57. Qg8+ {[%clk 0:05:23]}
Kf6 {[%clk 0:02:35]} 58. a5 {[%clk 0:05:12]} Qg7 {[%clk 0:01:02]} 59. Qxg7+
{[%clk 0:03:40]} Kxg7 {[%clk 0:01:25]} 60. Bxb7 {[%clk 0:03:33]} Nxb7 {[%clk
0:01:48]} 61. a6 {[%clk 0:04:02]} Nd6 {[%clk 0:01:06]} 62. a7 {[%clk 0:04:22]}
Nb5 {[%clk 0:01:22]} 63. a8Q {[%clk 0:04:22]} 1-0

[Event "Women's Baku Chess Olympiad"]
[Site "chess24.com"]
[Date "2016.09.09"]
[Round "7"]
[White "Hejazipour, Mitra"]
[Black "Acevedo Mendez, Lisseth"]
[Result "1-0"]
[Board "2"]
[WhiteID "12505951"]
[WhiteElo "2314"]
[WhiteTitle "WGM"]
[WhiteCountry "IRI"]
[WhiteFideId "12505951"]
[WhiteEloChange "2"]
[BlackID "6502938"]
[BlackElo "1857"]
[BlackCountry "CRC"]
[BlackFideId "6502938"]
[BlackEloChange "-2"]

1. d4 {[%clk 1:30:35]} f5 {[%clk 1:30:43]} 2. c4 {[%clk 1:30:55]} Nf6 {[%clk
1:31:04]} 3. g3 {[%clk 1:31:14]} e6 {[%clk 1:31:24]} 4. Bg2 {[%clk 1:31:34]} Bb4+
{[%clk 1:31:05]} 5. Nd2 {[%clk 1:31:44]} O-O {[%clk 1:31:21]} 6. Nf3 {[%clk
1:31:49]} b6 {[%clk 1:31:33]} 7. a3 {[%clk 1:24:08]} Bxd2+ {[%clk 1:26:34]} 8.
Nxd2 {[%clk 1:24:07]} d5 {[%clk 1:26:59]} 9. O-O {[%clk 1:22:56]} Bb7 {[%clk
1:27:15]} 10. Qc2 {[%clk 1:18:54]} Ne4 {[%clk 1:26:39]} 11. Nf3 {[%clk 1:13:44]}
Nd7 {[%clk 1:26:05]} 12. Bf4 {[%clk 1:13:13]} c5 {[%clk 1:22:44]} 13. dxc5 {[%clk
1:06:13]} bxc5 {[%clk 1:20:24]} 14. Ne5 {[%clk 0:55:46]} Nxe5 {[%clk 1:10:18]}
15. Bxe5 {[%clk 0:56:14]} Qb6 {[%clk 1:10:36]} 16. Rfd1 {[%clk 0:44:18]} Rad8
{[%clk 1:04:49]} 17. cxd5 {[%clk 0:37:46]} exd5 {[%clk 1:00:17]} 18. Rac1 {[%clk
0:37:15]} Rc8 {[%clk 0:56:23]} 19. Bf4 {[%clk 0:29:57]} Kh8 {[%clk 0:40:55]} 20.
e3 {[%clk 0:28:10]} Qe6 {[%clk 0:34:38]} 21. h4 {[%clk 0:24:39]} h6 {[%clk
0:33:35]} 22. h5 {[%clk 0:24:49]} Qf7 {[%clk 0:31:06]} 23. Qe2 {[%clk 0:23:53]}
Rfd8 {[%clk 0:28:48]} 24. Rc2 {[%clk 0:18:43]} c4 {[%clk 0:24:35]} 25. Be5 {[%clk
0:17:31]} Bc6 {[%clk 0:24:29]} 26. Rcc1 {[%clk 0:09:34]} Be8 {[%clk 0:24:45]} 27.
Bf3 {[%clk 0:08:28]} Ng5 {[%clk 0:24:53]} 28. Kg2 {[%clk 0:05:12]} Kh7 {[%clk
0:23:32]} 29. Rh1 {[%clk 0:04:44]} Nxf3 {[%clk 0:23:44]} 30. Qxf3 {[%clk
0:05:11]} Bc6 {[%clk 0:24:09]} 31. Bd4 {[%clk 0:05:18]} Rf8 {[%clk 0:21:20]} 32.
Rh4 {[%clk 0:04:30]} Rc7 {[%clk 0:15:25]} 33. Rf4 {[%clk 0:04:32]} Qe6 {[%clk
0:15:00]} 34. Kh2 {[%clk 0:04:27]} Rff7 {[%clk 0:11:41]} 35. Rg1 {[%clk 0:04:26]}
Ba4 {[%clk 0:11:03]} 36. Qg2 {[%clk 0:02:28]} Bc2 {[%clk 0:08:32]} 37. f3 {[%clk
0:01:58]} Bd3 {[%clk 0:08:57]} 38. g4 {[%clk 0:01:18]} Qe7 {[%clk 0:07:35]} 39.
Qg3 {[%clk 0:01:01]} Qg5 {[%clk 0:06:30]} 40. Qh3 {[%clk 0:30:46]} fxg4 {[%clk
0:33:23]} 41. Rgxg4 {[%clk 0:27:38]} Qd8 {[%clk 0:32:25]} 42. Qg3 {[%clk
0:20:15]} Qd6 {[%clk 0:28:35]} 43. Qg2 {[%clk 0:07:56]} Qf8 {[%clk 0:25:29]} 44.
Bxg7 {[%clk 0:07:19]} Rxf4 {[%clk 0:19:31]} 45. Bxf8 {[%clk 0:07:26]} Rxf8 {[%clk
0:19:57]} 46. Qg3 {[%clk 0:07:05]} Rcf7 {[%clk 0:20:21]} 47. Qe5 {[%clk 0:06:58]}
Be2 {[%clk 0:19:56]} 48. Qe6 {[%clk 0:01:11]} Rf6 {[%clk 0:18:44]} 49. Qd7+
{[%clk 0:01:23]} R6f7 {[%clk 0:18:47]} 50. Qc6 {[%clk 0:01:21]} Rf6 {[%clk
0:18:40]} 51. Qb7+ {[%clk 0:01:20]} R6f7 {[%clk 0:19:06]} 52. Qa6 {[%clk
0:01:46]} Bd3 {[%clk 0:19:18]} 53. e4 {[%clk 0:01:18]} Rf6 {[%clk 0:13:24]} 54.
Qxa7+ {[%clk 0:01:39]} R6f7 {[%clk 0:13:51]} 55. Qb6 {[%clk 0:01:56]} Rf6 {[%clk
0:14:18]} 56. Qb7+ {[%clk 0:02:18]} R6f7 {[%clk 0:14:31]} 57. Qxd5 {[%clk
0:02:33]} Rxf3 {[%clk 0:14:53]} 58. Qe5 {[%clk 0:01:59]} R3f6 {[%clk 0:13:03]}
59. Rg6 {[%clk 0:02:16]} Rf2+ {[%clk 0:13:14]} 60. Rg2 {[%clk 0:02:41]} R2f6
{[%clk 0:13:39]} 61. Qg3 {[%clk 0:02:53]} 1-0

[Event "Women's Baku Chess Olympiad"]
[Site "chess24.com"]
[Date "2016.09.09"]
[Round "7"]
[White "Vargas, Gabriela"]
[Black "shaikha Abdallah Aldhaheri"]
[Result "1-0"]
[Board "1"]
[WhiteID "3700860"]
[WhiteElo "2050"]
[WhiteTitle "WFM"]
[WhiteCountry "PAR"]
[WhiteFideId "3700860"]
[WhiteEloChange "2"]
[BlackID "9305343"]
[BlackElo "1495"]
[BlackCountry "UAE"]
[BlackFideId "9305343"]
[BlackEloChange "-2"]

1. d4 {[%clk 1:30:56]} Nf6 {[%clk 1:30:47]} 2. Bf4 {[%clk 1:30:47]} d5 {[%clk
1:29:54]} 3. Nc3 {[%clk 1:30:26]} a6 {[%clk 1:28:42]} 4. f3 {[%clk 1:30:27]} Bf5
{[%clk 1:27:32]} 5. g4 {[%clk 1:29:37]} Bg6 {[%clk 1:22:58]} 6. h4 {[%clk
1:26:57]} h6 {[%clk 1:21:16]} 7. e3 {[%clk 1:22:45]} e6 {[%clk 1:20:02]} 8. a3
{[%clk 1:22:00]} c5 {[%clk 1:19:44]} 9. Bd3 {[%clk 1:17:47]} Bxd3 {[%clk
1:20:00]} 10. Qxd3 {[%clk 1:18:15]} cxd4 {[%clk 1:18:16]} 11. exd4 {[%clk
1:16:16]} Bd6 {[%clk 1:16:55]} 12. Nge2 {[%clk 1:14:45]} Bxf4 {[%clk 1:14:29]}
13. Nxf4 {[%clk 1:15:11]} Qd6 {[%clk 1:14:48]} 14. Qd2 {[%clk 1:12:23]} b5 {[%clk
1:07:17]} 15. Nd3 {[%clk 1:10:07]} Nc6 {[%clk 0:58:54]} 16. Ne2 {[%clk 1:09:46]}
a5 {[%clk 0:47:57]} 17. Kf2 {[%clk 0:56:27]} Nd7 {[%clk 0:37:34]} 18. Qf4 {[%clk
0:53:34]} Ke7 {[%clk 0:29:06]} 19. Rhd1 {[%clk 0:38:48]} Qxf4 {[%clk 0:19:00]}
20. Ndxf4 {[%clk 0:38:43]} Kd6 {[%clk 0:18:20]} 21. Rac1 {[%clk 0:27:51]} Rhc8
{[%clk 0:08:57]} 22. g5 {[%clk 0:27:38]} f6 {[%clk 0:06:13]} 23. gxh6 {[%clk
0:26:40]} gxh6 {[%clk 0:06:34]} 24. Ng3 {[%clk 0:26:51]} Ne7 {[%clk 0:06:22]} 25.
Rd2 {[%clk 0:24:42]} e5 {[%clk 0:02:17]} 26. Nfh5 {[%clk 0:22:07]} b4 {[%clk
0:01:18]} 27. axb4 {[%clk 0:13:22]} axb4 {[%clk 0:01:46]} 28. c4 {[%clk 0:13:40]}
bxc3 {[%clk 0:01:26]} 29. bxc3 {[%clk 0:13:59]} Nb6 {[%clk 0:01:25]} 30. Nxf6
{[%clk 0:13:42]} exd4 {[%clk 0:00:59]} 31. Re1 {[%clk 0:09:39]} dxc3 {[%clk
0:00:41]} 32. Nfe4+ {[%clk 0:09:57]} Kd7 {[%clk 0:00:46]} 33. Nf6+ {[%clk
0:10:17]} Kd6 {[%clk 0:00:59]} 34. Nfe4+ {[%clk 0:01:46]} Kd7 {[%clk 0:01:11]}
35. Nf6+ {[%clk 0:01:05]} Kd8 {[%clk 0:00:37]} 36. Rde2 {[%clk 0:00:57]} Ra7
{[%clk 0:00:49]} 37. Rc2 {[%clk 0:00:36]} d4 {[%clk 0:01:07]} 38. Rd1 {[%clk
0:00:59]} Kc7 {[%clk 0:00:48]} 39. Rxd4 {[%clk 0:01:15]} Kb7 {[%clk 0:00:44]} 40.
Nge4 {[%clk 0:31:35]} Kb8 {[%clk 0:30:36]} 41. Rb4 {[%clk 0:29:35]} Ra6 {[%clk
0:26:51]} 42. Nc5 {[%clk 0:22:35]} Nd5 {[%clk 0:21:43]} 43. Nxa6+ {[%clk
0:22:01]} Ka7 {[%clk 0:21:53]} 44. Nxd5 {[%clk 0:22:20]} Nxd5 {[%clk 0:22:09]}
45. Rd4 {[%clk 0:22:34]} Kxa6 {[%clk 0:21:13]} 46. Rxd5 {[%clk 0:22:58]} Kb7
{[%clk 0:20:26]} 47. Rb5+ {[%clk 0:23:19]} Ka6 {[%clk 0:19:54]} 48. Rb3 {[%clk
0:23:41]} Rc5 {[%clk 0:20:19]} 49. Ra2+ {[%clk 0:24:06]} 1-0

[Event "Women's Baku Chess Olympiad"]
[Site "chess24.com"]
[Date "2016.09.09"]
[Round "7"]
[White "Calzetta Ruiz, Monica"]
[Black "Ptacnikova, Lenka"]
[Result "1/2-1/2"]
[Board "1"]
[WhiteID "2204185"]
[WhiteElo "2249"]
[WhiteTitle "WGM"]
[WhiteCountry "ESP"]
[WhiteFideId "2204185"]
[WhiteEloChange "-3"]
[BlackID "305650"]
[BlackElo "2159"]
[BlackTitle "WGM"]
[BlackCountry "ISL"]
[BlackFideId "305650"]
[BlackEloChange "3"]

1. e4 {[%clk 1:30:57]} c5 {[%clk 1:30:54]} 2. Nf3 {[%clk 1:31:22]} e6 {[%clk
1:31:14]} 3. d4 {[%clk 1:31:40]} cxd4 {[%clk 1:31:40]} 4. Nxd4 {[%clk 1:32:04]}
a6 {[%clk 1:31:40]} 5. Nc3 {[%clk 1:31:53]} Qc7 {[%clk 1:31:47]} 6. g3 {[%clk
1:31:08]} Bb4 {[%clk 1:31:00]} 7. Ne2 {[%clk 1:24:57]} Nf6 {[%clk 1:30:32]} 8.
Bg2 {[%clk 1:25:10]} Be7 {[%clk 1:30:28]} 9. O-O {[%clk 1:19:49]} d6 {[%clk
1:30:15]} 10. b3 {[%clk 1:16:13]} O-O {[%clk 1:23:31]} 11. Bb2 {[%clk 1:16:16]}
Nc6 {[%clk 1:14:00]} 12. h3 {[%clk 1:10:37]} b5 {[%clk 1:09:50]} 13. a3 {[%clk
0:49:38]} Bb7 {[%clk 1:05:16]} 14. g4 {[%clk 0:40:23]} Rad8 {[%clk 0:49:11]} 15.
g5 {[%clk 0:39:52]} Nd7 {[%clk 0:49:18]} 16. f4 {[%clk 0:33:31]} d5 {[%clk
0:45:11]} 17. exd5 {[%clk 0:33:15]} Nb6 {[%clk 0:44:51]} 18. Ng3 {[%clk 0:19:17]}
exd5 {[%clk 0:30:08]} 19. Nf5 {[%clk 0:19:18]} Bc5+ {[%clk 0:29:53]} 20. Kh1
{[%clk 0:16:34]} d4 {[%clk 0:27:44]} 21. Ne4 {[%clk 0:16:54]} Ne7 {[%clk
0:25:39]} 22. Qg4 {[%clk 0:05:25]} Nxf5 {[%clk 0:21:21]} 23. Qxf5 {[%clk
0:05:53]} Nd5 {[%clk 0:16:52]} 24. Rg1 {[%clk 0:06:08]} Bc8 {[%clk 0:11:08]} 25.
Qe5 {[%clk 0:06:31]} Qxe5 {[%clk 0:10:09]} 26. fxe5 {[%clk 0:06:59]} Bb6 {[%clk
0:10:02]} 27. Nd6 {[%clk 0:04:48]} Be6 {[%clk 0:10:14]} 28. Rad1 {[%clk 0:01:57]}
Ne3 {[%clk 0:07:21]} 29. Bxd4 {[%clk 0:02:24]} Bxd4 {[%clk 0:07:20]} 30. Rxd4
{[%clk 0:02:52]} Nxc2 {[%clk 0:06:13]} 31. Rd3 {[%clk 0:02:51]} Nxa3 {[%clk
0:06:19]} 32. Rc1 {[%clk 0:02:35]} a5 {[%clk 0:03:22]} 33. Rc6 {[%clk 0:02:52]}
a4 {[%clk 0:02:36]} 34. bxa4 {[%clk 0:03:17]} Nc4 {[%clk 0:02:44]} 35. Rc5 {[%clk
0:01:05]} bxa4 {[%clk 0:02:33]} 36. Bf1 {[%clk 0:00:46]} Nxd6 {[%clk 0:00:48]}
37. exd6 {[%clk 0:01:15]} f6 {[%clk 0:00:53]} 38. Bg2 {[%clk 0:00:42]} fxg5
{[%clk 0:00:55]} 39. Rxg5 {[%clk 0:01:01]} Rf6 {[%clk 0:00:59]} 40. Bc6 {[%clk
0:31:05]} Bd7 {[%clk 0:31:05]} 41. Bxd7 {[%clk 0:23:56]} Rxd7 {[%clk 0:31:32]}
42. Rgd5 {[%clk 0:22:30]} Kf7 {[%clk 0:27:47]} 43. Kg2 {[%clk 0:22:43]} a3 {[%clk
0:24:51]} 44. Rxa3 {[%clk 0:23:08]} Rfxd6 {[%clk 0:24:44]} 45. Rxd6 {[%clk
0:21:10]} Rxd6 {[%clk 0:25:10]} 46. Kg3 {[%clk 0:21:33]} Rg6+ {[%clk 0:24:44]}
47. Kf3 {[%clk 0:21:43]} Rg1 {[%clk 0:23:04]} 48. Ra6 {[%clk 0:20:39]} Rf1+
{[%clk 0:23:06]} 49. Kg3 {[%clk 0:21:05]} Rf6 {[%clk 0:22:03]} 50. Ra7+ {[%clk
0:21:29]} Kg6 {[%clk 0:22:25]} 51. Rb7 {[%clk 0:20:40]} Kh6 {[%clk 0:21:41]} 52.
Rb4 {[%clk 0:20:16]} Rg6+ {[%clk 0:21:20]} 53. Kf3 {[%clk 0:20:40]} Rg1 {[%clk
0:21:16]} 54. Kf2 {[%clk 0:20:45]} Rg5 {[%clk 0:21:37]} 55. Ra4 {[%clk 0:20:56]}
Kh5 {[%clk 0:21:32]} 56. Rb4 {[%clk 0:21:13]} Ra5 {[%clk 0:21:21]} 57. Rb7 {[%clk
0:20:13]} Rg5 {[%clk 0:21:32]} 58. Rb4 {[%clk 0:20:36]} h6 {[%clk 0:21:55]} 59.
Ra4 {[%clk 0:20:43]} Rb5 {[%clk 0:21:49]} 60. Kg3 {[%clk 0:18:13]} Rb3+ {[%clk
0:20:56]} 61. Kg2 {[%clk 0:18:40]} Kg6 {[%clk 0:19:39]} 62. Ra6+ {[%clk 0:18:57]}
Kh7 {[%clk 0:20:02]} 63. Ra5 {[%clk 0:19:10]} Re3 {[%clk 0:20:12]} 64. Rb5 {[%clk
0:19:37]} Kg6 {[%clk 0:20:16]} 65. Rb6+ {[%clk 0:19:50]} Kf5 {[%clk 0:20:26]} 66.
Rb7 {[%clk 0:18:57]} g5 {[%clk 0:18:50]} 67. Rf7+ {[%clk 0:18:32]} Kg6 {[%clk
0:19:09]} 68. Ra7 {[%clk 0:18:34]} h5 {[%clk 0:19:07]} 69. Ra6+ {[%clk 0:14:11]}
Kf5 {[%clk 0:17:40]} 70. Ra5+ {[%clk 0:14:39]} Kf4 {[%clk 0:17:50]} 71. Ra4+
{[%clk 0:15:06]} Re4 {[%clk 0:17:52]} 72. Ra2 {[%clk 0:15:34]} h4 {[%clk
0:15:11]} 73. Rf2+ {[%clk 0:16:00]} Ke5 {[%clk 0:15:32]} 74. Ra2 {[%clk 0:15:30]}
Re3 {[%clk 0:14:46]} 75. Ra5+ {[%clk 0:15:55]} Kf4 {[%clk 0:15:00]} 76. Ra4+
{[%clk 0:16:11]} Re4 {[%clk 0:14:57]} 77. Ra2 {[%clk 0:16:38]} Rd4 {[%clk
0:13:58]} 78. Rf2+ {[%clk 0:16:03]} Ke5 {[%clk 0:14:18]} 79. Ra2 {[%clk 0:16:20]}
Rd3 {[%clk 0:12:52]} 80. Ra5+ {[%clk 0:16:36]} Rd5 {[%clk 0:11:23]} 81. Ra2
{[%clk 0:17:02]} Kf4 {[%clk 0:10:35]} 82. Ra4+ {[%clk 0:14:25]} Kf5 {[%clk
0:09:52]} 83. Ra2 {[%clk 0:14:52]} Ke4 {[%clk 0:09:05]} 84. Ra4+ {[%clk 0:14:48]}
Rd4 {[%clk 0:09:17]} 85. Ra2 {[%clk 0:15:04]} Ke3 {[%clk 0:09:19]} 86. Ra3+
{[%clk 0:15:28]} Ke4 {[%clk 0:06:44]} 87. Ra2 {[%clk 0:15:56]} Rd3 {[%clk
0:06:32]} 88. Ra4+ {[%clk 0:16:02]} Ke3 {[%clk 0:05:11]} 89. Ra2 {[%clk 0:12:57]}
Rb3 {[%clk 0:04:21]} 90. Rc2 {[%clk 0:13:09]} Kd4 {[%clk 0:04:06]} 91. Ra2 {[%clk
0:12:26]} Rg3+ {[%clk 0:03:48]} 92. Kh2 {[%clk 0:12:54]} Re3 {[%clk 0:03:18]} 93.
Kg2 {[%clk 0:13:09]} Ke5 {[%clk 0:02:12]} 94. Ra5+ {[%clk 0:13:34]} Kf4 {[%clk
0:02:30]} 95. Ra4+ {[%clk 0:13:53]} Re4 {[%clk 0:02:04]} 96. Ra2 {[%clk 0:14:21]}
Rd4 {[%clk 0:01:36]} 97. Rb2 {[%clk 0:14:33]} Ke3 {[%clk 0:01:23]} 98. Rb3+
{[%clk 0:14:56]} Ke4 {[%clk 0:01:32]} 99. Rb2 {[%clk 0:15:18]} Rd3 {[%clk
0:01:36]} 100. Rb4+ {[%clk 0:14:22]} Ke3 {[%clk 0:01:51]} 101. Rb2 {[%clk
0:14:23]} Rd2+ {[%clk 0:01:43]} 102. Rxd2 {[%clk 0:14:50]} Kxd2 {[%clk 0:02:08]}
103. Kf2 {[%clk 0:15:13]} Kd1 {[%clk 0:02:28]} 104. Kf1 {[%clk 0:15:38]} Kd2
{[%clk 0:01:30]} 105. Kf2 {[%clk 0:16:06]} Kd1 {[%clk 0:01:47]} 106. Kf1 {[%clk
0:16:31]} Kd2 {[%clk 0:01:58]} 107. Kf2 {[%clk 0:16:55]} Kd1 {[%clk 0:02:19]}
1/2-1/2

[Event "Women's Baku Chess Olympiad"]
[Site "chess24.com"]
[Date "2016.09.09"]
[Round "7"]
[White "Vrbova, Niki"]
[Black "Kremer, Nadine"]
[Result "1-0"]
[Board "3"]
[WhiteID "14906341"]
[WhiteElo "2186"]
[WhiteTitle "WFM"]
[WhiteCountry "SVK"]
[WhiteFideId "14906341"]
[WhiteEloChange "2"]
[BlackID "4002970"]
[BlackElo "1844"]
[BlackCountry "LUX"]
[BlackFideId "4002970"]
[BlackEloChange "-2"]

1. Nf3 {[%clk 1:30:56]} Nf6 {[%clk 1:30:46]} 2. c4 {[%clk 1:31:21]} g6 {[%clk
1:31:01]} 3. Nc3 {[%clk 1:31:46]} Bg7 {[%clk 1:31:17]} 4. e4 {[%clk 1:32:10]} d6
{[%clk 1:31:27]} 5. d4 {[%clk 1:32:32]} O-O {[%clk 1:31:43]} 6. h3 {[%clk
1:32:42]} e5 {[%clk 1:29:10]} 7. d5 {[%clk 1:32:45]} Nbd7 {[%clk 1:23:22]} 8. Bd3
{[%clk 1:32:09]} Nc5 {[%clk 1:23:22]} 9. Bc2 {[%clk 1:32:32]} a5 {[%clk 1:23:43]}
10. g4 {[%clk 1:30:31]} Nfd7 {[%clk 1:13:30]} 11. Rg1 {[%clk 1:20:43]} h6 {[%clk
1:08:05]} 12. Be3 {[%clk 1:19:57]} Nb6 {[%clk 1:06:47]} 13. Qe2 {[%clk 1:14:57]}
Kh7 {[%clk 1:00:55]} 14. O-O-O {[%clk 1:14:32]} f5 {[%clk 0:43:28]} 15. gxf5
{[%clk 1:13:47]} gxf5 {[%clk 0:43:53]} 16. Bxc5 {[%clk 1:10:37]} dxc5 {[%clk
0:43:53]} 17. exf5 {[%clk 1:10:41]} Bxf5 {[%clk 0:43:23]} 18. Bxf5+ {[%clk
1:09:33]} Rxf5 {[%clk 0:41:46]} 19. Qe4 {[%clk 1:08:48]} Qf6 {[%clk 0:41:34]} 20.
Nh4 {[%clk 1:07:38]} Rf8 {[%clk 0:40:53]} 21. Rg6 {[%clk 1:04:27]} Qxg6 {[%clk
0:29:02]} 22. Nxg6 {[%clk 1:04:38]} Kxg6 {[%clk 0:29:30]} 23. d6 {[%clk 0:58:22]}
cxd6 {[%clk 0:24:11]} 24. Rxd6+ {[%clk 0:58:18]} Rf6 {[%clk 0:24:33]} 25. Rxb6
{[%clk 0:54:14]} Rxb6 {[%clk 0:23:34]} 26. Nd5 {[%clk 0:54:33]} Re6 {[%clk
0:21:42]} 27. Qg4+ {[%clk 0:53:49]} Rg5 {[%clk 0:20:01]} 28. Qxe6+ {[%clk
0:54:12]} Kh7 {[%clk 0:20:16]} 29. Ne7 {[%clk 0:53:36]} 1-0

[Event "Women's Baku Chess Olympiad"]
[Site "chess24.com"]
[Date "2016.09.09"]
[Round "7"]
[White "Longson, Sarah N"]
[Black "Al-Mahmoud, Rola"]
[Result "0-1"]
[Board "3"]
[WhiteID "2501465"]
[WhiteElo "2103"]
[WhiteTitle "WFM"]
[WhiteCountry "ENG"]
[WhiteFideId "2501465"]
[WhiteEloChange "-18"]
[BlackID "7601263"]
[BlackElo "1684"]
[BlackCountry "SYR"]
[BlackFideId "7601263"]
[BlackEloChange "18"]

1. e4 {[%clk 1:30:59]} c5 {[%clk 1:30:55]} 2. Nf3 {[%clk 1:31:26]} e6 {[%clk
1:31:22]} 3. d4 {[%clk 1:31:53]} cxd4 {[%clk 1:31:45]} 4. Nxd4 {[%clk 1:32:19]}
a6 {[%clk 1:32:07]} 5. Nc3 {[%clk 1:32:37]} Qc7 {[%clk 1:32:33]} 6. Bd3 {[%clk
1:30:13]} Nc6 {[%clk 1:30:13]} 7. Nxc6 {[%clk 1:30:31]} bxc6 {[%clk 1:30:37]} 8.
Qe2 {[%clk 1:25:34]} Bb7 {[%clk 1:28:42]} 9. O-O {[%clk 1:23:07]} d5 {[%clk
1:28:24]} 10. f4 {[%clk 1:22:07]} Nf6 {[%clk 1:20:11]} 11. Bd2 {[%clk 1:16:25]}
Bc5+ {[%clk 1:16:37]} 12. Kh1 {[%clk 1:16:00]} O-O {[%clk 1:15:11]} 13. e5 {[%clk
1:13:38]} Nd7 {[%clk 1:11:38]} 14. Rf3 {[%clk 1:09:44]} f5 {[%clk 1:04:35]} 15.
exf6 {[%clk 1:09:45]} Rxf6 {[%clk 1:04:53]} 16. Rg3 {[%clk 1:02:03]} Nf8 {[%clk
1:01:16]} 17. Qg4 {[%clk 0:58:49]} Bd6 {[%clk 0:55:35]} 18. Ne2 {[%clk 0:46:57]}
e5 {[%clk 0:44:47]} 19. Bc3 {[%clk 0:34:24]} exf4 {[%clk 0:26:23]} 20. Bxf6
{[%clk 0:16:25]} fxg3 {[%clk 0:26:42]} 21. Nxg3 {[%clk 0:14:12]} Bc8 {[%clk
0:24:09]} 22. Nf5 {[%clk 0:11:24]} Bxf5 {[%clk 0:21:05]} 23. Bxf5 {[%clk
0:11:48]} h5 {[%clk 0:18:56]} 24. Be6+ {[%clk 0:11:22]} Nxe6 {[%clk 0:17:02]} 25.
Qxe6+ {[%clk 0:11:41]} Kh8 {[%clk 0:17:01]} 26. Bc3 {[%clk 0:10:54]} Qe7 {[%clk
0:14:21]} 27. Qh6+ {[%clk 0:10:55]} Kg8 {[%clk 0:13:52]} 28. Qxh5 {[%clk
0:09:52]} Rf8 {[%clk 0:13:16]} 29. Qg6 {[%clk 0:04:14]} Bxh2 {[%clk 0:06:38]} 30.
Re1 {[%clk 0:03:31]} Bc7 {[%clk 0:03:38]} 31. g3 {[%clk 0:03:49]} Qf7 {[%clk
0:03:36]} 32. Qxf7+ {[%clk 0:03:27]} Rxf7 {[%clk 0:04:04]} 33. Kg2 {[%clk
0:03:12]} c5 {[%clk 0:03:37]} 34. Re8+ {[%clk 0:03:00]} Kh7 {[%clk 0:03:36]} 35.
Ra8 {[%clk 0:03:00]} d4 {[%clk 0:03:49]} 36. Bd2 {[%clk 0:03:16]} Rf6 {[%clk
0:04:09]} 37. Ra7 {[%clk 0:03:05]} Be5 {[%clk 0:03:48]} 38. g4 {[%clk 0:02:08]}
d3 {[%clk 0:01:37]} 39. cxd3 {[%clk 0:02:32]} Bxb2 {[%clk 0:01:50]} 40. Be3
{[%clk 0:32:22]} Bd4 {[%clk 0:31:27]} 41. Bxd4 {[%clk 0:28:14]} cxd4 {[%clk
0:31:33]} 42. Rd7 {[%clk 0:27:45]} Rb6 {[%clk 0:31:35]} 43. Rxd4 {[%clk 0:24:37]}
Rb2+ {[%clk 0:31:53]} 44. Kf3 {[%clk 0:24:59]} Rxa2 {[%clk 0:32:16]} 45. Rd6
{[%clk 0:24:29]} Ra1 {[%clk 0:18:49]} 46. d4 {[%clk 0:21:04]} a5 {[%clk 0:19:13]}
47. Ra6 {[%clk 0:16:47]} a4 {[%clk 0:19:21]} 48. d5 {[%clk 0:13:47]} a3 {[%clk
0:16:57]} 49. Ke2 {[%clk 0:07:46]} Kg8 {[%clk 0:16:19]} 50. Kd2 {[%clk 0:02:12]}
a2 {[%clk 0:14:38]} 51. d6 {[%clk 0:01:13]} Kf7 {[%clk 0:14:23]} 52. Kc2 {[%clk
0:01:26]} Rg1 {[%clk 0:14:01]} 53. Kb2 {[%clk 0:00:51]} a1Q+ {[%clk 0:13:41]} 54.
Rxa1 {[%clk 0:01:18]} Rxa1 {[%clk 0:14:02]} 55. Kxa1 {[%clk 0:01:47]} Ke6 {[%clk
0:14:25]} 56. d7 {[%clk 0:02:01]} Kxd7 {[%clk 0:14:43]} 57. Kb2 {[%clk 0:02:24]}
Kd6 {[%clk 0:15:02]} 58. g5 {[%clk 0:02:03]} g6 {[%clk 0:15:08]} 59. Kc2 {[%clk
0:01:30]} Ke5 {[%clk 0:15:25]} 60. Kd2 {[%clk 0:01:44]} Kf4 {[%clk 0:15:45]} 61.
Ke2 {[%clk 0:02:07]} Kxg5 {[%clk 0:14:58]} 62. Kf1 {[%clk 0:01:55]} Kh4 {[%clk
0:14:11]} 63. Kg2 {[%clk 0:01:21]} Kg4 {[%clk 0:14:23]} 64. Kf2 {[%clk 0:01:31]}
Kh3 {[%clk 0:14:21]} 65. Kf1 {[%clk 0:01:36]} g5 {[%clk 0:14:14]} 66. Kf2 {[%clk
0:01:49]} g4 {[%clk 0:14:31]} 67. Kf1 {[%clk 0:02:04]} Kh2 {[%clk 0:14:50]} 0-1